American Socieity of Professional Estimators (Record no. 119861)

MARC details
000 -LEADER
fixed length control field 00862cam a2200205 4500
001 - CONTROL NUMBER
control field WS114285
008 - FIXED-LENGTH DATA ELEMENTS--GENERAL INFORMATION
fixed length control field 010822n 000 0 eng u
035 ## - SYSTEM CONTROL NUMBER
System control number (Sirsi) u114285
110 ## - MAIN ENTRY--CORPORATE NAME
Corporate name or jurisdiction name as entry element American Society of Professional Estimators
9 (RLIN) 4119
245 ## - TITLE STATEMENT
Title American Socieity of Professional Estimators
520 ## - SUMMARY, ETC.
Summary, etc. Web site for this American organisation which 'serves construction estimators by providing education, fellowship and opportunity for professional development'. Includes details of estimating software, conversion software and addresses of other construction organisations.
650 ## - SUBJECT ADDED ENTRY--TOPICAL TERM
Topical term or geographic name entry element USA
650 ## - SUBJECT ADDED ENTRY--TOPICAL TERM
Topical term or geographic name entry element INTERNATIONAL
650 ## - SUBJECT ADDED ENTRY--TOPICAL TERM
Topical term or geographic name entry element ESTIMATORS
650 ## - SUBJECT ADDED ENTRY--TOPICAL TERM
Topical term or geographic name entry element ORGANISATION
650 ## - SUBJECT ADDED ENTRY--TOPICAL TERM
Topical term or geographic name entry element SOFTWARE
690 ## - LOCAL SUBJECT ADDED ENTRY--TOPICAL TERM (OCLC, RLIN)
Topical term or geographic name as entry element BUILT ENVIRONMENT
856 40 - ELECTRONIC LOCATION AND ACCESS
Uniform Resource Identifier <a href="https://www.aspenational.com">https://www.aspenational.com</a>
Public note View the website free of charge at www.aspenational.com...
942 ## - ADDED ENTRY ELEMENTS (KOHA)
Suppress in OPAC 0
Holdings
Withdrawn status Lost status Source of classification or shelving scheme Damaged status Not for loan Home library Current library Shelving location Date acquired Total Checkouts Full call number Barcode Date last seen Copy number Price effective from Koha item type
    Dewey Decimal Classification     Virtual Virtual Online 22/08/2001   WEB SITE 114285-2001 06/08/2019 1 06/08/2019 Online material